| 000 | 00930cam a2200301 a 4500 | ||
|---|---|---|---|
| 001 | 34129 | ||
| 005 | 20230410121149.0 | ||
| 008 | 830426s1980 mau b 001 0 eng | ||
| 035 | _9(DLC) 80051040 | ||
| 035 | _a3718437 | ||
| 010 | _a 80051040 | ||
| 020 |
_a0896081044 : _c$18.00 |
||
| 020 | _a0896081036 (pbk.) | ||
| 040 |
_aDLC _cDLC _dDLC |
||
| 050 | 1 | 4 |
_aJX 1995 _bT829 1980 |
| 082 | 0 | 0 |
_a327.1/7/0601 _219 |
| 245 | 0 | 0 |
_aTrilateralism : _bthe Trilateral Commission and elite planning for world management / _cedited by Holly Sklar. |
| 260 |
_aBoston : _bSouth End Press, _cc1980. |
||
| 300 |
_axii, 604 p. ; _c24 cm. |
||
| 504 | _aBibliography: p. 587-596. | ||
| 500 | _aIncludes index. | ||
| 650 | 0 | _aInternational cooperation. | |
| 650 | 0 | _aInternational economic relations. | |
| 610 | 2 | 0 | _aTrilateral Commission. |
| 700 | 1 |
_aSklar, Holly, _d1955- |
|
| 710 | 2 | _aTrilateral Commission. | |
| 942 |
_2lcc _cbk |
||
| 999 |
_c59211 _d59211 |
||